书目信息 |
| 题名: |
晋察冀边区财政经济史资料选编
|
|
| 作者: | ;本书编写组 , 河北省档案馆 , 山西省档案馆 编写 | |
| 分册: | ||
| 出版信息: | 天津 南开大学出版社 1984.7 |
|
| 页数: | 946页 | |
| 开本: | 21cm | |
| 丛书名: | ||
| 单 册: | ||
| 中图分类: | F129.6 | |
| 科图分类: | ||
| 主题词: | 经济--中国 | |
| 电子资源: | ||
| ISBN: | ||
| 000 | 00770nam0 2200229 45 | |
| 001 | 0404250800 | |
| 005 | 20040425082224.4 | |
| 010 | @dCNY3.32 | |
| 091 | @a11301.1 | |
| 100 | @a20040425d1984 km y0chiy0120 ea | |
| 101 | 0 | @achi |
| 105 | @a z 000yy | |
| 200 | 1 | @a晋察冀边区财政经济史资料选编@AJin Cha Ji Bian Qu Cai Zheng Jing Ji Shi Zi Liao Xuan Bian@f本书编写组,河北省档案馆,山西省档案馆编写@FBen Shu Bian Xie Zu,He Bei Sheng Dang An Guan,Shan Xi Sheng Dang An Guan Bian Xie |
| 210 | @a天津@c南开大学出版社@d1984.7 | |
| 215 | @a946页@d21cm | |
| 606 | 0 | @a经济@x中国 |
| 690 | @aF129.6@v3 | |
| 711 | 02 | @a本书编写组@4编写 |
| 711 | 02 | @a河北省档案馆@4编写 |
| 711 | 02 | @a山西省档案馆@4编写 |
| 801 | @aCN@bPftUser@c20040425 | |
| 905 | @f2@b129640-641@dF129.6@e19:1 | |
| 晋察冀边区财政经济史资料选编/本书编写组,河北省档案馆,山西省档案馆编写.-天津:南开大学出版社,1984.7 |
| 946页;21cm |
| ISBN :CNY3.32 |
| ● |
| 相关链接 |
|
|
|
|
正题名:晋察冀边区财政经济史资料选编
索取号:F129.6/19:1
 
预约/预借
| 序号 | 登录号 | 条形码 | 馆藏地/架位号 | 状态 | 备注 |
| 1 | 0129640 | 000201640 | 第一借阅区/ [索取号:F129.6/19:1] | 在馆 | |
| 2 | 0129641 | 000201631 | 密集书库/ [索取号:F129.6/19:1] | 在馆 | |
| 3 | 0129642 | 000200758 | 第一样本阅览室/ [索取号:F129.6/19:1] | 在馆 |